| 000 | 01912cam a2200469 i 4500 | ||
|---|---|---|---|
| 001 | data | ||
| 005 | 20260322212108.0 | ||
| 008 | data | ||
| 035 | _a19134598 | ||
| 906 |
_a7 _bcbc _corignew _d3 _encip _f20 _gy-nonroman |
||
| 925 | 0 |
_aacquire _b1 shelf copy _xpolicy default |
|
| 010 | _a 2016376056 | ||
| 020 | _a9787560753966 | ||
| 020 | _a7560753965 | ||
| 035 | _a(OCoLC)951604237 | ||
| 040 |
_aDLC _beng _erda _cDLC _dDLC |
||
| 042 | _apcc | ||
| 050 | 0 | 0 |
_aK3240 _b.Q2525 2015 |
| 066 | _c$1 | ||
| 100 | 1 |
_6880-01 _aQi, Yanping, _eauthor. |
|
| 880 | 1 |
_6100-01/$1 _a$1'b}!=2!<c(B, _eauthor. |
|
| 245 | 1 | 0 |
_6880-02 _aRen quan guan nian de yan jin = _bEvolution of the ideology of human rights / _cQi Yanping deng zhu. |
| 880 | 1 | 0 |
_6245-02/$1 _a$1!0d'Ep'X2!>'!M"!HR'\3(B = _bEvolution of the ideology of human rights / _c$1'b}!=2!<c!Oz!UN(B. |
| 246 | 3 | 1 | _aEvolution of the ideology of human rights |
| 250 |
_6880-03 _aDi 1 ban. |
||
| 880 |
_6250-03/$1 _a$1!Os(B1$1!JH(B. |
||
| 264 | 1 |
_6880-04 _aJinan Shi : _bShandong da xue chu ban she, _c2015. |
|
| 880 | 1 |
_6264-04/$1 _a$1'I&!4c!<D(B : _b$1!;e'D&!9%':`!3K!JH!Na(B, _c2015. |
|
| 300 |
_a3, 228 pages ; _c24 cm |
||
| 336 |
_atext _btxt _2rdacontent |
||
| 337 |
_aunmediated _bn _2rdamedia |
||
| 338 |
_avolume _bnc _2rdacarrier |
||
| 500 |
_6880-05 _a"Si fa bu 2005 nian du fa zhi jian she yu fa xue li lun yan jiu bu ji ke yan xiang mu'ren quan yu ren lei he xie'(pi zhun hao 05SFB3002)." |
||
| 880 |
_6500-05/$1 _a"$1!5-!G*!\k(B2005$1!<e!<u!G*!G4!=3'XI'T2!G*':`!KH'Y$KN7!ON!\k'Q#!O(KN7'`:!MB(B'$1!0d'Ep'T2!0d'`S!5w'Y)(B'($1!@+'HK'VJ(B 05SFB3002)." |
||
| 504 | _aIncludes bibliographical references (pages 222-226). | ||
| 650 | 0 | _aHuman rights. | |
| 650 | 0 |
_aHuman rights _xHistory. |
|
| 650 | 0 |
_aHuman rights _xPhilosophy. |
|
| 923 |
_d20160524 _nT201600412 _sCNP |
||
| 985 |
_aCNP load _d2016-06-14 |
||
| 999 |
_c1607 _d1607 |
||